Dude Perfect Quiz - Statistics

General Stats
  • This quiz has been taken 879 times
  • The average score is 10 of 15
Answer Stats
Hint Answer % Correct
A mascot do some Trick Shots Panda
88%
Tall guy and so loud Cody Jones
85%
A guy who is 1 win of DP Battles...AKA Twin 1 Coby Cotton
83%
The leader of DP...and he has a Beard Tyler Toney
83%
A guy who is always breaks bottle on his head AKA Twin 2 Cory Cotton
82%
What Stereotypes that Tyler always do? Rage Monster
78%
Dude Perfect....Pound It, _______ Noggin
77%
Is Tyler shaves his beard?? Yes or No Yes
74%
Member of DP...also known as Purple Hoser Garrett Hilbert
71%
What year that Dude Perfect released 1st video? 2009
60%
What Stereotypes is Dale Jr. invited? Driving Stereotypes
43%
What Stereotypes that Cody always do? Mr. Excuses
43%
Not part of DP but he is invited....A guy who do Trick Shots with Frisbee Brodie Smith
40%
Not part of DP too...A guy who is master Card Thrower Rick Smith Jr.
26%
What Stereotypes video that Garrett played My Bad Guy? Pickup Basketball Stereotypes
21%
No matching quizzes found
Score Distribution
Percent of People with Each Score
Percentile by Number Answered
Your Score History
You have not taken this quiz